|
|
|
|
| LEADER |
00000nab#a22000007a#4500 |
| 001 |
arbauad041565 |
| 003 |
AR-BaUAD |
| 005 |
20250711113240.0 |
| 008 |
991117|||||||||###||||||b###|0###a|spa|| |
| 040 |
|
|
|a AR-BaUAD
|c AR-BaUAD
|b spa
|
| 100 |
|
|
|a Sumi, Nace
|
| 245 |
|
|
|a Les XVIIe et XVIIIe siècles slovènes :
|b l'épanouissement du baroque /
|c Nace Sumi;
|
| 300 |
0 |
|
|b fot. col.
|
| 653 |
|
|
|a ESLOVENIA
|
| 653 |
|
|
|a HISTORIA
|
| 653 |
|
|
|a ARQUITECTURA
|
| 653 |
|
|
|a ARQUITECTURA BARROCA
|
| 773 |
0 |
|
|t L'OEIL
|g no. 473 [jul.-ago. 1995], p. 48-53
|
| 942 |
|
|
|c ARTI
|
| 952 |
|
|
|0 0
|1 0
|4 0
|7 0
|9 86484
|a AR-BAuAD
|b AR-BAuAD
|d 2025-07-11
|l 0
|p AAQA041565
|r 2025-07-11 11:32:40
|w 2025-07-11
|y ARTI
|
| 990 |
|
|
|a AQ199
|b TD
|
| 998 |
|
|
|a AAQ
|b BIBUN76
|
| 999 |
|
|
|c 66157
|d 66157
|